[Event "I Festival A"]
[Site "Verona ITA"]
[Date "1995.01.??"]
[Round "4"]
[White "Naumkin, Igor"]
[Black "Zlochevskij, Alexander"]
[Result "1/2-1/2"]
[WhiteElo "2500"]
[BlackElo "2485"]
[PlyCount "25"]
[EventDate "1995.01.02"]

1. d4 Nf6 2. c4 e6 3. Nf3 b6 4. g3 Bb7 5. Bg2 Be7 6. O-O O-O 7. Nc3 Ne4 8. Bd2
Na6 9. Rc1 Bf6 10. d5 Nac5 11. b4 Nxc3 12. Bxc3 Ne4 13. Bxf6 1/2-1/2

[Event "I Festival A"]
[Site "Verona ITA"]
[Date "1995.01.??"]
[Round "4"]
[White "Popa, Florin"]
[Black "Perich, Stefano"]
[Result "1-0"]
[WhiteElo "2060"]
[BlackElo "1971"]
[PlyCount "81"]
[EventDate "1995.01.02"]

1. e4 d5 2. exd5 Nf6 3. d4 Nxd5 4. c4 Nb4 5. a3 N4c6 6. d5 Ne5 7. Nc3 c6 8. Bf4
Ng6 9. Bg3 a6 10. Nf3 e6 11. h4 Be7 12. h5 Nf8 13. d6 Bf6 14. Qd2 c5 15. Ne4
Nfd7 16. Bd3 Nc6 17. Nxf6+ gxf6 18. Qh6 Nce5 19. Nxe5 Nxe5 20. Bxe5 fxe5 21.
Qg7 Rf8 22. Qxe5 b6 23. Bxh7 Bb7 24. Be4 Qd7 25. O-O-O O-O-O 26. h6 Bxe4 27.
Qxe4 Qb7 28. Qxb7+ Kxb7 29. Rd3 Kc6 30. h7 Rh8 31. Kc2 Rxd6 32. Rg3 Rdd8 33.
Rg7 Rdf8 34. Rd1 b5 35. Kc3 Kc7 36. Rd3 Kc6 37. b3 f6 38. Rdg3 Kd6 39. Rg8 Ke7
40. R3g7+ Ke8 41. Rxh8 1-0

[Event "I Festival A"]
[Site "Verona ITA"]
[Date "1995.01.??"]
[Round "5"]
[White "Barberi, Alessandro"]
[Black "Agnelli, Francesco"]
[Result "1/2-1/2"]
[WhiteElo "2032"]
[BlackElo "2012"]
[PlyCount "123"]
[EventDate "1995.01.02"]

1. d4 Nf6 2. c4 g6 3. Nc3 Bg7 4. e4 d6 5. f3 O-O 6. Be3 Nc6 7. Bd3 a6 8. Nge2
Rb8 9. O-O e5 10. Qd2 Re8 11. Rad1 Nd7 12. Bb1 b5 13. cxb5 axb5 14. b3 exd4 15.
Nxd4 Nxd4 16. Bxd4 Bxd4+ 17. Qxd4 Bb7 18. f4 b4 19. Nd5 Bxd5 20. Qxd5 Nf6 21.
Qc4 Ng4 22. Rf3 Qe7 23. h3 Nf6 24. f5 Nd7 25. fxg6 hxg6 26. Qxc7 Ne5 27. Qxe7
Nxf3+ 28. gxf3 Rxe7 29. Rxd6 Rc7 30. Bd3 Ra8 31. Kf2 Rxa2+ 32. Kg3 Raa7 33. Kf4
Rd7 34. e5 Kf8 35. Bb5 Rxd6 36. exd6 Rb7 37. Bc4 f6 38. Ke4 Ke8 39. Be6 Rb5 40.
f4 Kd8 41. Kd4 Rh5 42. Ke4 Rh4 43. Kf3 f5 44. Kg3 Rh7 45. h4 Ra7 46. h5 gxh5
47. Bxf5 Ra6 48. d7 Rc6 49. Kh4 Rc3 50. Be6 Ke7 51. Kxh5 Rd3 52. f5 Kf6 53. Kg4
Ke5 54. Kh4 Kf6 55. Kh5 Rd4 56. d8=Q+ Rxd8 57. Kg4 Ke5 58. Kf3 Rh8 59. Ke2 Ke4
60. Kf2 Rd8 61. Ke2 Ra8 62. Kf2 1/2-1/2

[Event "I Festival A"]
[Site "Verona ITA"]
[Date "1995.01.??"]
[Round "5"]
[White "Coppini, Giorgio"]
[Black "Medancic, Rikard"]
[Result "1-0"]
[WhiteElo "2255"]
[BlackElo "2345"]
[PlyCount "73"]
[EventDate "1995.01.02"]

1. e4 a6 2. d4 b5 3. Bd3 Bb7 4. Qe2 g6 5. c4 bxc4 6. Bxc4 Bg7 7. Nf3 c5 8. d5
Nf6 9. Nc3 d6 10. a4 O-O 11. O-O Nbd7 12. a5 Ng4 13. Bb3 Qc7 14. Ne1 Ngf6 15.
f4 Rfe8 16. Bc4 e6 17. dxe6 fxe6 18. f5 d5 19. fxe6 Rxe6 20. Nxd5 Nxd5 21. exd5
Rxe2 22. d6+ Kh8 23. dxc7 Re4 24. Bd3 Ree8 25. Nf3 Ne5 26. Nxe5 Bxe5 27. Bf4
Bxf4 28. Rxf4 Re7 29. Rc1 Rxc7 30. Bf1 Rac8 31. Rf6 Rc6 32. Rf7 Rb8 33. Rd1 c4
34. Rdd7 Ba8 35. Rxh7+ Kg8 36. Rdg7+ Kf8 37. Rh8+ 1-0

[Event "I Festival A"]
[Site "Verona ITA"]
[Date "1995.01.??"]
[Round "5"]
[White "Dai Campi, Danilo"]
[Black "Cecchetto, Vanni"]
[Result "0-1"]
[WhiteElo "1911"]
[BlackElo "1933"]
[PlyCount "62"]
[EventDate "1995.01.02"]

1. e4 e5 2. Nf3 Nf6 3. d4 Nxe4 4. Bd3 d5 5. Nxe5 Bd6 6. Nc3 Nxc3 7. bxc3 Bxe5
8. dxe5 Nc6 9. O-O Be6 10. f4 g6 11. f5 gxf5 12. Bxf5 Qd7 13. Qh5 O-O-O 14.
Bxe6 fxe6 15. Bg5 Rdf8 16. Bf6 Rhg8 17. Rab1 Na5 18. Qh4 Nc4 19. Qd4 b6 20.
Rfd1 Qa4 21. Qd3 Rg6 22. Qh3 Qd7 23. Rb4 Qf7 24. Qh4 Rfg8 25. g3 Rg4 26. Qh3
Qg6 27. Rd4 Qxc2 28. Rbxc4 dxc4 29. Rxc4 Qd1+ 30. Kf2 Qd2+ 31. Kg1 Qe1+ 0-1

[Event "I Festival A"]
[Site "Verona ITA"]
[Date "1995.01.??"]
[Round "5"]
[White "Di Lazzaro, Gabriele"]
[Black "Naumkin, Igor"]
[Result "0-1"]
[WhiteElo "2140"]
[BlackElo "2500"]
[PlyCount "70"]
[EventDate "1995.01.02"]

1. Nf3 e6 2. g3 f5 3. d3 Nf6 4. Bg2 Be7 5. O-O O-O 6. b3 d6 7. Nbd2 e5 8. e3
Nc6 9. Bb2 Qe8 10. a3 a5 11. c4 Qh5 12. c5 Ng4 13. h3 Nh6 14. cxd6 cxd6 15. Qe2
Be6 16. Rfc1 Nf7 17. Qd1 Qh6 18. h4 d5 19. Qe2 Bd6 20. Rc2 e4 21. dxe4 fxe4 22.
Nd4 Nxd4 23. Bxd4 Qg6 24. Qb5 Nh6 25. Qxb7 Rad8 26. b4 Rxf2 27. Kxf2 Qxg3+ 28.
Kg1 Qh2+ 29. Kf1 Nf5 30. Nxe4 dxe4 31. Bxe4 Bc4+ 32. Ke1 Bg3+ 33. Kd1 Qg1+ 34.
Kd2 Qxe3+ 35. Kd1 Qe1# 0-1

[Event "I Festival A"]
[Site "Verona ITA"]
[Date "1995.01.??"]
[Round "5"]
[White "Farina, Saverio"]
[Black "Popa, Florin"]
[Result "1/2-1/2"]
[WhiteElo "2120"]
[BlackElo "2060"]
[PlyCount "59"]
[EventDate "1995.01.02"]

1. d4 d6 2. c4 g6 3. Nc3 Bg7 4. e4 Nf6 5. Nge2 O-O 6. Ng3 e5 7. d5 c6 8. Be2
cxd5 9. cxd5 a6 10. a4 Nbd7 11. h4 h5 12. Bg5 Qb6 13. a5 Qxb2 14. Bd2 Nc5 15.
Ra2 Qb3 16. Qa1 Nfxe4 17. Ngxe4 Nxe4 18. Nxe4 Qxd5 19. Bf3 Qe6 20. Ng5 Qb3 21.
Ra3 Qb5 22. Qa2 Bg4 23. Bxg4 hxg4 24. h5 gxh5 25. Rxh5 d5 26. Rg3 Qd7 27. Nh7
Rfd8 28. Bg5 Qf5 29. Rh4 Rd6 30. Qb3 1/2-1/2

[Event "I Festival A"]
[Site "Verona ITA"]
[Date "1995.01.??"]
[Round "5"]
[White "Loeffler, Markus"]
[Black "Leoncini, Mario"]
[Result "1/2-1/2"]
[WhiteElo "2320"]
[BlackElo "2185"]
[PlyCount "95"]
[EventDate "1995.01.02"]

1. e4 c5 2. Nc3 Nc6 3. Nf3 Nf6 4. d4 cxd4 5. Nxd4 e5 6. Ndb5 d6 7. Bg5 a6 8.
Na3 b5 9. Bxf6 gxf6 10. Nd5 f5 11. exf5 Bxf5 12. c3 Bg7 13. Nc2 O-O 14. Nce3
Be6 15. g3 f5 16. Bg2 Rb8 17. f4 Ne7 18. O-O Kh8 19. Qh5 e4 20. Rad1 a5 21. g4
Nxd5 22. Nxd5 Qd7 23. Kh1 b4 24. cxb4 Rb5 25. Ne3 Rxb4 26. b3 a4 27. gxf5 Bxf5
28. Nxf5 Qxf5 29. Qxf5 Rxf5 30. Rxd6 axb3 31. axb3 e3 32. Rd3 Bd4 33. Bh3 Rf8
34. Be6 e2 35. Re1 Rxf4 36. Rxe2 Kg7 37. Bc4 Rb7 38. Rg3+ Kf6 39. Kg2 Be5 40.
Rg8 Re7 41. Bd5 Bd6 42. Rxe7 Bxe7 43. Bc4 Rf5 44. Rb8 Kg7 45. Ra8 h6 46. Ra6
Rg5+ 47. Kf3 Rh5 48. Kg3 1/2-1/2

[Event "I Festival A"]
[Site "Verona ITA"]
[Date "1995.01.??"]
[Round "5"]
[White "Parrella, Alfredo"]
[Black "Rossi, Giampiero"]
[Result "1-0"]
[WhiteElo "2205"]
[BlackElo "2145"]
[PlyCount "149"]
[EventDate "1995.01.02"]

1. c4 e6 2. g3 d5 3. Bg2 c6 4. Nf3 Nf6 5. O-O Nbd7 6. d4 Be7 7. Qc2 O-O 8. b3
b6 9. Bb2 Bb7 10. Nbd2 Rc8 11. Rac1 Qc7 12. Qb1 Qb8 13. a3 Rfd8 14. Rfd1 dxc4
15. Nxc4 c5 16. Qa2 Qa8 17. Ne3 cxd4 18. Bxd4 Rxc1 19. Rxc1 Rc8 20. Qb2 Qb8 21.
b4 Ne8 22. Ng4 Nef6 23. Nge5 Bxf3 24. Rxc8+ Qxc8 25. Bxf3 Nxe5 26. Bxe5 Ne8 27.
Qc3 Qxc3 28. Bxc3 Bd6 29. Kg2 Kf8 30. Be4 g6 31. h3 Ke7 32. Bd3 Nc7 33. Bb2 f6
34. h4 Kf7 35. Kf3 Nd5 36. e4 Nc7 37. Bc4 Ke7 38. Ke3 h6 39. Bc1 g5 40. hxg5
hxg5 41. f4 gxf4+ 42. gxf4 e5 43. f5 Kf8 44. Kd3 Ke7 45. Bh6 Kd7 46. Bg7 Be7
47. Bh6 Kd6 48. Bc1 Bd8 49. a4 Be7 50. Bd2 Kc6 51. Bf7 Kd7 52. Kc4 Kc6 53. Be3
Kd7 54. b5 Bd8 55. Bd5 Kd6 56. Bc6 Ke7 57. Bh6 Kf7 58. Bd2 Be7 59. Be3 Bd8 60.
a5 Ne8 61. Bxe8+ Kxe8 62. a6 Kd7 63. Kd5 Bc7 64. Bg1 Bb8 65. Bf2 Bc7 66. Be3
Bb8 67. Bc1 Bd6 68. Bb2 Be7 69. Bxe5 fxe5 70. Kxe5 Bh4 71. Kd5 Ke7 72. e5 Kd7
73. f6 Ke8 74. Kc6 Kf7 75. Kb7 1-0

[Event "I Festival A"]
[Site "Verona ITA"]
[Date "1995.01.??"]
[Round "5"]
[White "Peric, Slavisa"]
[Black "Bevilacqua, Maurizio"]
[Result "1-0"]
[WhiteElo "2220"]
[BlackElo "1974"]
[PlyCount "62"]
[EventDate "1995.01.02"]

1. d4 Nf6 2. c4 e6 3. Nf3 c5 4. d5 exd5 5. cxd5 d6 6. Nc3 g6 7. h3 Bg7 8. e4
O-O 9. Bd3 Na6 10. O-O Re8 11. Re1 Nc7 12. a4 a6 13. Bf4 Rb8 14. a5 b5 15. axb6
Rxb6 16. Na4 Rb8 17. Bh2 Rb4 18. e5 dxe5 19. Nxe5 Qxd5 20. Bc4 Qxd1 21. Bxf7+
Kf8 22. Rexd1 Rxe5 23. Bxe5 Kxf7 24. Bxc7 Ne4 25. f3 Ng5 26. Ba5 Bd4+ 27. Kf1
Rb7 28. Bc3 Be3 29. Rd3 Bf4 30. Nxc5 Rb5 31. Ra5 Rb6 1-0

[Event "I Festival A"]
[Site "Verona ITA"]
[Date "1995.01.??"]
[Round "5"]
[White "Sulava, Nenad"]
[Black "Luciani, Valerio"]
[Result "1/2-1/2"]
[WhiteElo "2420"]
[BlackElo "2175"]
[PlyCount "134"]
[EventDate "1995.01.02"]

1. Nf3 f5 2. e4 fxe4 3. Ng5 Nf6 4. d3 d5 5. dxe4 h6 6. Nf3 dxe4 7. Qxd8+ Kxd8
8. Ne5 Be6 9. Nc3 Nbd7 10. Nxd7 Kxd7 11. Bf4 c6 12. O-O-O+ Ke8 13. h3 Nd5 14.
Be5 Nxc3 15. Bxc3 Rg8 16. Be2 Rd8 17. Rxd8+ Kxd8 18. Be5 g5 19. Bg4 Bxg4 20.
hxg4 Bg7 21. Rd1+ Kc8 22. Bxg7 Rxg7 23. Kd2 Rf7 24. Ke3 Rf4 25. Rh1 Rf6 26. g3
Re6 27. b4 b6 28. Rd1 Rf6 29. Rd2 Re6 30. Rd4 Rf6 31. Rxe4 Kd7 32. c4 Rg6 33.
Re5 Kd6 34. Ke4 Rg8 35. a4 Rg7 36. Rf5 Rg8 37. f3 Ke6 38. Re5+ Kf6 39. Rf5+ Ke6
40. c5 Rd8 41. cxb6 axb6 42. a5 bxa5 43. bxa5 Rd1 44. f4 gxf4 45. gxf4 Ra1 46.
Rh5 Ra4+ 47. Kf3 Ra3+ 48. Kf2 Ra2+ 49. Kg3 Ra3+ 50. Kh4 Kf7 51. Rxh6 Rxa5 52.
Rxc6 Kg7 53. f5 Ra1 54. Kg5 Kf7 55. Rc7 Rb1 56. Rc4 Ra1 57. Rc3 Kg7 58. Kf4
Rf1+ 59. Rf3 Ra1 60. Re3 Kf7 61. Re4 Rf1+ 62. Ke5 Ra1 63. g5 Ra5+ 64. Kf4 Ra1
65. Kg4 Rg1+ 66. Kh5 Rh1+ 67. Rh4 Rf1 1/2-1/2

[Event "I Festival A"]
[Site "Verona ITA"]
[Date "1995.01.??"]
[Round "5"]
[White "Zlochevskij, Alexander"]
[Black "Cvitan, Ognjen"]
[Result "1/2-1/2"]
[WhiteElo "2485"]
[BlackElo "2520"]
[PlyCount "24"]
[EventDate "1995.01.02"]

1. c4 g6 2. g3 Bg7 3. Bg2 Nf6 4. Nc3 O-O 5. e3 c5 6. Nge2 Nc6 7. O-O d6 8. d3
Bd7 9. a3 a6 10. Rb1 Rb8 11. b4 cxb4 12. axb4 b5 1/2-1/2

[Event "I Festival A"]
[Site "Verona ITA"]
[Date "1995.01.??"]
[Round "6"]
[White "Agnelli, Francesco"]
[Black "Rossi, Giampiero"]
[Result "0-1"]
[WhiteElo "2012"]
[BlackElo "2145"]
[PlyCount "82"]
[EventDate "1995.01.02"]

1. e4 c5 2. Nf3 e6 3. d4 cxd4 4. Nxd4 a6 5. Nc3 Qc7 6. Bd3 Nf6 7. Qe2 d6 8. Be3
Be7 9. g4 Nc6 10. g5 Nd7 11. f4 b5 12. a3 Bb7 13. Rg1 O-O 14. Rg3 Rfe8 15.
O-O-O Rac8 16. Qh5 g6 17. Qh4 Nxd4 18. Bxd4 e5 19. Be3 exf4 20. Rh3 h5 21. Bxf4
Ne5 22. Be2 Bf8 23. Bxh5 gxh5 24. Qxh5 Bg7 25. Qh7+ Kf8 26. g6 fxg6 27. Rd2 Re7
28. Bxe5 Bxe5 29. Qxg6 Rf7 30. Rd1 Qe7 31. Rg1 Qf6 32. Qg8+ Ke7 33. Nd5+ Bxd5
34. Qxc8 Be6 35. Qc7+ Bd7 36. Kb1 Rg7 37. Rd1 Qg6 38. Qb7 Rh7 39. Rhd3 Rf7 40.
Rb3 Rf4 41. Re1 Rh4 0-1

[Event "I Festival A"]
[Site "Verona ITA"]
[Date "1995.01.??"]
[Round "6"]
[White "Cecchetto, Vanni"]
[Black "Barberi, Alessandro"]
[Result "0-1"]
[WhiteElo "1933"]
[BlackElo "2032"]
[PlyCount "100"]
[EventDate "1995.01.02"]

1. e4 c5 2. c3 Nf6 3. e5 Nd5 4. d4 e6 5. Nf3 b6 6. c4 Nc7 7. d5 d6 8. Nc3 dxe5
9. Nxe5 Bd6 10. f4 Bb7 11. Be2 O-O 12. O-O f6 13. Ng4 exd5 14. cxd5 a6 15. a4
f5 16. Ne5 Nd7 17. Nc4 Qf6 18. Be3 Rfe8 19. g4 b5 20. axb5 axb5 21. Nxd6 Qxd6
22. Rxa8 Bxa8 23. Bc1 b4 24. Nb5 Nxb5 25. Bxb5 fxg4 26. f5 Re4 27. Bxd7 Qxd7
28. d6 Rd4 29. Qb3+ Bd5 30. Qg3 Bb7 31. Bf4 h5 32. Be5 Rd2 33. Rf2 Rd1+ 34. Rf1
Rxf1+ 35. Kxf1 Qxf5+ 36. Qf4 Qxf4+ 37. Bxf4 Kf7 38. Kf2 Ke6 39. Ke3 Bc6 40. Kd3
Kf5 41. Be3 Bb5+ 42. Kd2 c4 43. Kc2 Ke4 44. Bg5 Kf5 45. Bd2 Ba4+ 46. Kc1 h4 47.
Bxb4 g3 48. hxg3 h3 49. d7 Bxd7 50. Bd6 Kg4 0-1

[Event "I Festival A"]
[Site "Verona ITA"]
[Date "1995.01.??"]
[Round "6"]
[White "Coppini, Giorgio"]
[Black "Zlochevskij, Alexander"]
[Result "0-1"]
[WhiteElo "2255"]
[BlackElo "2485"]
[PlyCount "83"]
[EventDate "1995.01.02"]

1. e4 e6 2. d3 d5 3. Nd2 c5 4. Ngf3 Nc6 5. g3 Nge7 6. Bg2 g6 7. O-O Bg7 8. c3
h6 9. a3 b6 10. Qa4 Bd7 11. Qc2 O-O 12. Re1 Rc8 13. Nf1 d4 14. cxd4 cxd4 15.
Qd1 e5 16. Bd2 Be6 17. h3 Qd7 18. Kh2 Rc7 19. Ng1 Na5 20. Bxa5 bxa5 21. Qd2 Qb5
22. Rec1 Rfc8 23. a4 Qb4 24. Rxc7 Rxc7 25. Nf3 Rb7 26. Rc1 Qxa4 27. Rc5 Nc6 28.
h4 Bf8 29. Rd5 Rb5 30. h5 Rxd5 31. exd5 Bxd5 32. hxg6 fxg6 33. Qe2 Qb5 34. N1d2
Bg7 35. Nc4 Kh7 36. Bh3 e4 37. Nh4 Bxc4 38. dxc4 Qe5 39. Qg4 Ne7 40. Bg2 e3 41.
fxe3 dxe3 42. Be4 0-1

[Event "I Festival A"]
[Site "Verona ITA"]
[Date "1995.01.??"]
[Round "6"]
[White "Delanoy, Arnaud"]
[Black "Bevilacqua, Maurizio"]
[Result "1-0"]
[WhiteElo "2155"]
[BlackElo "1974"]
[PlyCount "53"]
[EventDate "1995.01.02"]

1. e4 Nf6 2. Nc3 d6 3. d4 g6 4. f4 Bg7 5. Nf3 O-O 6. Bd3 Nc6 7. O-O Bg4 8. e5
dxe5 9. dxe5 Nd5 10. h3 Nxc3 11. bxc3 Be6 12. Be3 f6 13. Qe2 Qc8 14. Nd4 Nxd4
15. cxd4 c5 16. c3 c4 17. Be4 f5 18. Bf3 Rd8 19. Rab1 Rb8 20. Rb4 Rd5 21. Rxc4
Qd7 22. Rb4 b5 23. Rfb1 a5 24. Bxd5 Bxd5 25. Rxb5 Rc8 26. Rb8 e6 27. Qb5 1-0

[Event "I Festival A"]
[Site "Verona ITA"]
[Date "1995.01.??"]
[Round "6"]
[White "Di Lazzaro, Gabriele"]
[Black "Loeffler, Markus"]
[Result "0-1"]
[WhiteElo "2140"]
[BlackElo "2320"]
[PlyCount "104"]
[EventDate "1995.01.02"]

1. Nf3 Nf6 2. g3 g6 3. b3 Bg7 4. Bb2 O-O 5. Bg2 d5 6. c4 c5 7. cxd5 Qxd5 8. Nc3
Qd6 9. d4 Rd8 10. O-O cxd4 11. Nb5 Qb6 12. Nbxd4 Nc6 13. Rc1 e5 14. Rxc6 bxc6
15. Nxe5 Bb7 16. Qa1 c5 17. Ndf3 Ne8 18. Nc4 Qe6 19. Bxg7 Nxg7 20. Ng5 Qe7 21.
Nf3 a5 22. e3 Be4 23. Qe5 Qxe5 24. Nfxe5 Bxg2 25. Kxg2 Ra6 26. Rc1 f6 27. Nf3
a4 28. Rc2 Kf7 29. Nfd2 Ne6 30. Kf3 Rda8 31. bxa4 Rxa4 32. a3 Rb8 33. h4 Ke7
34. Ne4 f5 35. Ned2 Rb5 36. Ke2 Nc7 37. Kf3 Ke6 38. Kf4 Nd5+ 39. Kg5 Nf6 40. f3
Ra6 41. e4 fxe4 42. fxe4 Ra7 43. e5 Nd7 44. Nd6 Rb8 45. N2c4 Rb3 46. g4 Rd3 47.
Rf2 Ra6 48. Re2 Rd4 49. Ne8 Ra4 50. Ncd6 Rxg4+ 51. Kh6 Rxh4+ 52. Kg7 Nxe5 0-1

[Event "I Festival A"]
[Site "Verona ITA"]
[Date "1995.01.??"]
[Round "6"]
[White "Everet, Alexandro"]
[Black "Farina, Saverio"]
[Result "1-0"]
[WhiteElo "2105"]
[BlackElo "2120"]
[PlyCount "103"]
[EventDate "1995.01.02"]

1. e4 e6 2. d4 d5 3. e5 c5 4. c3 Nc6 5. Nf3 Qb6 6. Be2 cxd4 7. cxd4 Nh6 8. O-O
Nf5 9. Be3 Qxb2 10. Nbd2 Be7 11. Bd3 Nxe3 12. fxe3 O-O 13. Qe2 f6 14. Rab1 Qa3
15. Rb3 Qa5 16. exf6 Rxf6 17. e4 Qd8 18. e5 Rf8 19. g4 b6 20. Qg2 Bg5 21. Bxh7+
Kxh7 22. Nxg5+ Qxg5 23. Rxf8 Nxd4 24. Rh3+ Kg6 25. Qf2 Ne2+ 26. Kh1 Qe7 27.
Qxe2 Ba6 28. Qxa6 Rxf8 29. Qd3+ Kf7 30. Qc2 Qg5 31. Rf3+ Kg8 32. Rxf8+ Kxf8 33.
Qc8+ Kf7 34. Qd7+ Kf8 35. Qd6+ Kf7 36. Qc7+ Kg6 37. Qc2+ Kf7 38. Qc3 Kg8 39.
Qd4 Qh4 40. Kg2 Qe1 41. Nf3 Qe2+ 42. Qf2 Qe4 43. h3 g5 44. Qd2 Kf8 45. Qxg5 Qd3
46. Qf6+ Kg8 47. Qxe6+ Kh8 48. Qf6+ Kg8 49. e6 Qa3 50. e7 Qe3 51. Qg6+ Kh8 52.
e8=R+ 1-0

[Event "I Festival A"]
[Site "Verona ITA"]
[Date "1995.01.??"]
[Round "6"]
[White "Leoncini, Mario"]
[Black "Pietralunga, Nicola"]
[Result "1/2-1/2"]
[WhiteElo "2185"]
[BlackElo "2045"]
[PlyCount "31"]
[EventDate "1995.01.02"]

1. e4 e6 2. d4 d5 3. Nc3 Bb4 4. e5 c5 5. a3 Ba5 6. b4 cxd4 7. Qg4 Ne7 8. Nb5
Bc7 9. f4 Nf5 10. Nf3 Nc6 11. Bd3 g6 12. Bb2 a6 13. Nbxd4 Ncxd4 14. Nxd4 Nxd4
15. Bxd4 Bb6 16. Bb2 1/2-1/2

[Event "I Festival A"]
[Site "Verona ITA"]
[Date "1995.01.??"]
[Round "6"]
[White "Luciani, Valerio"]
[Black "Garista, Eugenio"]
[Result "0-1"]
[WhiteElo "2175"]
[BlackElo "1932"]
[PlyCount "140"]
[EventDate "1995.01.02"]

1. Nf3 Nf6 2. g3 g6 3. Bg2 Bg7 4. O-O O-O 5. c4 c6 6. d4 d6 7. Nc3 Nbd7 8. h3
e5 9. dxe5 Nxe5 10. Nxe5 dxe5 11. e4 Be6 12. Qe2 Qd4 13. Be3 Qxc4 14. Qxc4 Bxc4
15. Rfd1 b6 16. Rd6 Rac8 17. Rad1 Ne8 18. Rd7 Nc7 19. b3 Be6 20. R7d6 Na6 21.
Bc1 Bf6 22. Bf1 Nb8 23. h4 Be7 24. R6d3 Rfd8 25. Rxd8+ Rxd8 26. Rxd8+ Bxd8 27.
Ba3 Bc7 28. Nb1 f6 29. Nd2 Kf7 30. Be2 b5 31. Bc5 a5 32. Be3 Nd7 33. Kf1 Bb6
34. Bxb6 Nxb6 35. Ke1 a4 36. Kd1 Ke7 37. Kc2 Kd6 38. Kc3 axb3 39. axb3 Kc5 40.
Bd1 Nc8 41. f3 Nd6 42. Bc2 b4+ 43. Kd3 Nb5 44. Ke3 Nd4 45. Bd1 Kb5 46. f4 c5
47. Kd3 h5 48. f5 gxf5 49. Bxh5 fxe4+ 50. Kxe4 Nxb3 51. Be2+ Kc6 52. Nxb3 Bxb3
53. h5 Bc2+ 54. Bd3 f5+ 55. Ke3 f4+ 56. gxf4 exf4+ 57. Kd2 Bxd3 58. Kxd3 c4+
59. Ke2 b3 60. h6 b2 61. h7 b1=Q 62. h8=Q Qe4+ 63. Kd2 Qe3+ 64. Kc2 Qd3+ 65.
Kc1 Kd5 66. Qa8+ Kd4 67. Qa7+ Ke4 68. Qh7+ Ke3 69. Qh3+ f3 70. Qe6+ Kf2 0-1

[Event "I Festival A"]
[Site "Verona ITA"]
[Date "1995.01.??"]
[Round "6"]
[White "Medancic, Rikard"]
[Black "Peric, Slavisa"]
[Result "1/2-1/2"]
[WhiteElo "2345"]
[BlackElo "2220"]
[PlyCount "60"]
[EventDate "1995.01.02"]

1. d4 d5 2. Bg5 Nd7 3. e3 Ngf6 4. c4 g6 5. Nc3 c6 6. cxd5 Nxd5 7. Nf3 Bg7 8.
Nxd5 cxd5 9. Be2 Qa5+ 10. Qd2 Qxd2+ 11. Nxd2 Nf6 12. Bf3 e6 13. O-O O-O 14.
Rfc1 Bd7 15. Be2 Rfc8 16. Kf1 Rxc1+ 17. Rxc1 Rc8 18. Rxc8+ Bxc8 19. Ke1 Ne8 20.
Bf4 Bf8 21. Bb8 a6 22. Kd1 Bd6 23. Bxd6 Nxd6 24. Kc2 Kf8 25. Kc3 Ke7 26. h4 h5
27. Bd3 Bd7 28. g3 Bb5 29. Bxb5 Nxb5+ 30. Kb4 Kd7 1/2-1/2

[Event "I Festival A"]
[Site "Verona ITA"]
[Date "1995.01.??"]
[Round "6"]
[White "Perich, Stefano"]
[Black "Parrella, Alfredo"]
[Result "0-1"]
[WhiteElo "1971"]
[BlackElo "2205"]
[PlyCount "106"]
[EventDate "1995.01.02"]

1. e4 c5 2. Nf3 Nc6 3. d3 g6 4. g3 Bg7 5. Bg2 e5 6. O-O Nge7 7. Be3 d6 8. Qd2
O-O 9. c3 f5 10. c4 a6 11. Nc3 Rb8 12. a4 Bd7 13. Rab1 Qc7 14. Nd5 Nxd5 15.
cxd5 Nb4 16. b3 b5 17. axb5 axb5 18. Rfc1 Qb7 19. Ne1 Ra8 20. Ra1 Rxa1 21. Rxa1
Ra8 22. Rxa8+ Qxa8 23. Qb2 Na6 24. Qa3 Nc7 25. Qxa8+ Nxa8 26. Kf1 Nc7 27. Ke2
b4 28. Kd2 Kf7 29. f3 Nb5 30. Kc2 Bf6 31. h4 Nc3 32. Bf1 Kg7 33. Ng2 h6 34. Bd2
Nb5 35. Be3 g5 36. hxg5 hxg5 37. Be2 Nc3 38. Kd2 g4 39. Ne1 Kg6 40. Ng2 Nxe2
41. Kxe2 gxf3+ 42. Kxf3 fxe4+ 43. dxe4 Kh5 44. Ne1 Bg4+ 45. Kf2 Bd1 46. Nd3
Bxb3 47. Nxc5 dxc5 48. Bxc5 Bc2 49. Bxb4 Bxe4 50. d6 Bc6 51. Bc5 Bg5 52. Bb6
Be8 53. Bc5 Bb5 0-1

[Event "I Festival A"]
[Site "Verona ITA"]
[Date "1995.01.??"]
[Round "6"]
[White "Popa, Florin"]
[Black "Sulava, Nenad"]
[Result "0-1"]
[WhiteElo "2060"]
[BlackElo "2420"]
[PlyCount "71"]
[EventDate "1995.01.02"]

1. e4 c5 2. c3 Nf6 3. e5 Nd5 4. d4 cxd4 5. cxd4 d6 6. Nf3 Nc6 7. Bc4 Nb6 8. Bb5
Bg4 9. d5 a6 10. dxc6 axb5 11. cxb7 Rb8 12. exd6 e6 13. Qb3 Bxf3 14. Qxb5+ Nd7
15. gxf3 Bxd6 16. Nc3 Qc7 17. f4 Rxb7 18. Qg5 O-O 19. O-O h6 20. Qg2 Rfb8 21.
a4 Bxf4 22. Nb5 Qe5 23. Bxf4 Qxf4 24. Qg3 Qb4 25. b3 Nc5 26. Rfc1 Ne4 27. Qd3
Nd2 28. Rc3 Qf4 29. Re1 f5 30. Qg3 Qb4 31. Qe5 Kh7 32. Qxe6 Rxb5 33. axb5 Qxc3
34. Qxf5+ Kh8 35. Re3 Qc7 36. Kg2 0-1

[Event "I Festival A"]
[Site "Verona ITA"]
[Date "1995.01.??"]
[Round "7"]
[White "Barberi, Alessandro"]
[Black "Perich, Stefano"]
[Result "1-0"]
[WhiteElo "2032"]
[BlackElo "1971"]
[PlyCount "107"]
[EventDate "1995.01.02"]

1. d4 Nf6 2. c4 e6 3. Nc3 Bb4 4. Qc2 d5 5. Nf3 Nc6 6. a3 Be7 7. e3 O-O 8. Bd3
Re8 9. O-O Bf8 10. Rd1 g6 11. b4 Ne7 12. e4 dxe4 13. Nxe4 Nxe4 14. Bxe4 Bg7 15.
Bb2 c6 16. Qe2 Qd6 17. g3 Bd7 18. Ne5 Rad8 19. f4 Qb8 20. Rd2 Nf5 21. Rad1 Bc8
22. g4 Ne7 23. Bb1 Qc7 24. Qf2 a6 25. c5 f6 26. Nc4 Nd5 27. Rf1 Bh6 28. Nd6 Rf8
29. Qg3 b5 30. Re2 Rxd6 31. cxd6 Qxd6 32. Bc1 Bg7 33. f5 Qxg3+ 34. hxg3 exf5
35. Ba2 fxg4 36. Re7 f5 37. Bxd5+ cxd5 38. Be3 g5 39. Bxg5 Bxd4+ 40. Kg2 Bb2
41. Bh6 Rd8 42. Bc1 Bf6 43. Ra7 d4 44. Bb2 Bg5 45. Rd1 Be3 46. Re7 Bd7 47. Kf1
Bg5 48. Re5 Bc6 49. Rxd4 Rf8 50. Rc5 Be8 51. Ke2 Bf7 52. Rd7 Bc4+ 53. Rxc4 bxc4
54. Rg7+ 1-0

[Event "I Festival A"]
[Site "Verona ITA"]
[Date "1995.01.??"]
[Round "7"]
[White "Cvitan, Ognjen"]
[Black "Peric, Slavisa"]
[Result "1/2-1/2"]
[WhiteElo "2520"]
[BlackElo "2220"]
[PlyCount "50"]
[EventDate "1995.01.02"]

1. d4 d5 2. c4 dxc4 3. e3 c5 4. Bxc4 e6 5. Nf3 Nf6 6. O-O a6 7. Bd3 Nbd7 8. a4
b6 9. Nc3 Bb7 10. Qe2 Be7 11. Bc2 Qc7 12. e4 cxd4 13. Nxd4 Qe5 14. Be3 Qh5 15.
f3 O-O 16. Rad1 Rfd8 17. Qf2 Qe5 18. Rd2 Qc7 19. Nde2 Bc5 20. Rfd1 Bxe3 21.
Qxe3 Ne5 22. Bb3 Rxd2 23. Rxd2 Rd8 24. Rd4 Rxd4 25. Qxd4 Nc6 1/2-1/2

[Event "I Festival A"]
[Site "Verona ITA"]
[Date "1995.01.??"]
[Round "7"]
[White "Loeffler, Markus"]
[Black "Coppini, Giorgio"]
[Result "0-1"]
[WhiteElo "2320"]
[BlackElo "2255"]
[PlyCount "87"]
[EventDate "1995.01.02"]

1. e4 d6 2. d4 Nf6 3. f3 g6 4. Be3 c6 5. Qd2 Bg7 6. Nc3 b5 7. O-O-O b4 8. Nce2
a5 9. Kb1 Nbd7 10. Bh6 Bxh6 11. Qxh6 e5 12. dxe5 dxe5 13. h3 Qe7 14. Nc1 a4 15.
Bd3 Nc5 16. Nge2 Be6 17. g4 b3 18. cxb3 axb3 19. a3 Na4 20. Qd2 O-O 21. Nc3 Nd7
22. Nxa4 Rxa4 23. Qc3 Rb8 24. Qxc6 Ra5 25. Be2 Rba8 26. Rd2 Nc5 27. Rhd1 Na4
28. Qd6 Qa7 29. Qb4 Qc7 30. Nxb3 R5a7 31. Nc1 Rb7 32. Rd8+ Rxd8 33. Rxd8+ Kg7
34. Qf8+ Kf6 35. g5+ Kxg5 36. f4+ exf4 37. h4+ Kf6 38. Qh8+ Ke7 39. Qe8+ Kf6
40. e5+ Kf5 41. Bd3+ Kg4 42. Qxa4 Qxd8 43. Ne2 Qxd3+ 44. Ka1 0-1

[Event "I Festival A"]
[Site "Verona ITA"]
[Date "1995.01.??"]
[Round "7"]
[White "Luciani, Valerio"]
[Black "Delanoy, Arnaud"]
[Result "1-0"]
[WhiteElo "2175"]
[BlackElo "2155"]
[PlyCount "91"]
[EventDate "1995.01.02"]

1. Nf3 d5 2. b3 c5 3. Bb2 Nc6 4. g3 f6 5. Bg2 e5 6. d3 Bg4 7. Nbd2 Qd7 8. h3
Be6 9. c4 d4 10. a3 Nh6 11. Ne4 Be7 12. Bc1 Nf7 13. h4 O-O-O 14. b4 cxb4 15.
axb4 Bxb4+ 16. Bd2 Nd6 17. Qb3 Nxe4 18. Bxb4 Nd6 19. Nd2 a6 20. Bc5 Rde8 21.
Bxd6 Qxd6 22. Ne4 Qe7 23. Rb1 b5 24. Qc2 Nb4 25. Qd2 a5 26. cxb5 Bd5 27. O-O
Kb8 28. Bh3 Bxe4 29. dxe4 Qb7 30. Ra1 Qxb5 31. Rfb1 Re7 32. Rxa5 Qxa5 33. Rxb4+
Qxb4 34. Qxb4+ Rb7 35. Qd6+ Ka7 36. Qa3+ Kb6 37. Qb4+ Ka7 38. Qa5+ Kb8 39. Be6
Ra7 40. Qb6+ Rb7 41. Qd6+ Ka7 42. Qa3+ Kb6 43. Qb4+ Ka6 44. Bc4+ Ka7 45. Qa5+
Kb8 46. Bd5 1-0